000 00320nam a2200133Ia 4500
008 231129s1974||||xx |||||||||||||| ||spa||
040 _bspa
082 _a330.9861 A773
100 _aArrubla Mario
245 0 _aEstudio sobre el subdesarrollo colombiano
260 _c1974
264 _aLa Carreta
942 _2ddc
_cBKS
999 _c13648
_d13648